000 01075nam a2200301Ia 4500
001 Para_9201
003 CHAP
005 20220817141832.0
008 220125s2006 xx 000 0 und d
010 _a207918
040 _cCHAP
090 _aPA TESIS 2008
100 _aLara Ledesma, Juan José
_964851
245 _aEfecto de la roya del tallo (Puccinia graminis f. sp. avenae Eriks y Henn) sobre el rendimiento en la avena (Avena sativa L.) en Tlaxcala /
_c por Juan José Lara Ledesma
260 _aChapingo, Méx. :
_b el autor
300 _a51 h + Apénd
502 _aTesis (Ing. Agr. Esp. en Parasitología Agrícola) -- UACh. Departamento Parasitología Agrícola
650 _aAvena
_x enfermedades
_98517
650 _aAvena
_x rendimiento
_98539
650 _aPuccinia graminis
_992822
710 _aUACh. Departamento Parasitología Agrícola
_9164025
901 _aPA TESIS 2008
902 _aM
905 _a0000002006 nm 0000000000 00
910 _a2006
942 _cPARA
_2local
942 _cPARA
_2local
999 _c207918
_d207918